000 00627nam a2200217 a 4500
001 000036025
003 DO-SdBNP
005 20220530133156.0
007 ta
008 111123s1998 dr ac 000 0 spa d
040 _aDO-SdBNP
_bspa
_cBNPHU
082 _axxxx
_bN964v
100 1 _aNúñez, Miguel
_962070
245 1 0 _aViaje al corazón de la isla. /
_cMiguel Núñez.
260 _aSanto Domingo :
_bMuseo de Arte Moderno,
_c1998.
300 _a[10 p.] :
_bils. retr. ;
_c28 p.
590 _aInventariado, 2022 / DG
710 2 _aMuseo de Arte Moderno, República Dominicana
_954941
910 _aDG
942 _2ddc
_cLBS1
999 _c35516
_d35516